000 00346nam a2200133Ia 4500
008 230717s9999 xx 000 0 und d
020 _a81-7494-010-3
041 _aeng
082 _a346.0438
_bODG
100 _aOdger,Dworkin G
245 _aConstruction Of Deeds And Statutes
250 _a5ed.
260 _aDelhi
_bUniversal Book Traders
_c1967
999 _c671000
_d671000